[Event "Sampa Chess Open 2024"]
[Site "Sao Paulo"]
[Date "2024.01.30"]
[Round "3.13"]
[White "Silva, Kaua Marques"]
[Black "Cunha, Lucas Aguiar"]
[Result "0-1"]
[WhiteElo "2142"]
[BlackElo "2230"]
[PlyCount "78"]
[EventDate "2024.01.29"]
[EventRounds "9"]
[EventCountry "BRA"]

1. e4 c5 2. Nf3 Nc6 3. d4 cxd4 4. Nxd4 Nf6 5. Nc3 d6 6. Bg5 e6 7. Qd2 h6 8.
Bxf6 gxf6 9. O-O-O a6 10. f4 h5 11. Kb1 ({RR} 11. f5 Bh6 12. Qxh6 Rxh6 13. Nde2
Ne5 14. Ng3 Qb6 15. Na4 Qc6 16. Nc3 b5 17. Nce2 Ke7 18. Nf4 h4 19. Nge2 Qxe4
20. Rd4 Qe3+ 21. Kb1 Bb7 22. Rd3 Nxd3 23. Nxd3 Rc8 24. Nc3 b4 25. Nd1 Qd2 {
Manzano Gomez,V-Viveros,E (1631) Cali 2016 0-1 (33)}) 11... Qb6 12. Nxc6 $146 (
{RR} 12. Nb3 Be7 13. g3 Bd7 14. a3 O-O-O 15. Na4 Qa7 16. c4 Kb8 17. Bg2 h4 18.
gxh4 Ne5 19. Qb4 Bxa4 20. Qxa4 Qf2 21. fxe5 Qxg2 22. exd6 Qxe4+ 23. Ka2 Rxd6
24. Rxd6 Bxd6 25. Rd1 Be5 26. Nc5 Qc6 {Carnic,D (2195)-Mihajlovic,M (2259)
Belgrade 2006 0-1 (37)}) ({RR} 12. Nb3 Bd7 13. Be2 O-O-O 14. Rhf1 h4 15. Rf3
Kb8 16. Bf1 Bc8 17. a3 Be7 18. Na4 Qa7 19. Na5 Nxa5 20. Qxa5 b5 21. Rb3 Bb7 22.
Nc3 d5 23. exd5 Bc5 24. dxe6 Bb6 25. Rxd8+ Rxd8 26. Qb4 Bc5 {Kononenko,D (2563)
-Dreev,A (2662) Ohrid 2009 1/2-1/2}) ({RR} 12. Nb3 Bd7 13. Na4 Qc7 14. Qf2 b5
15. Nb6 Rd8 16. f5 Be7 17. Be2 Ne5 18. Nxd7 Rxd7 19. Nd4 Qc5 20. fxe6 fxe6 21.
Qh4 f5 22. Bxh5+ Kd8 23. Nxe6+ Kc8 24. Nxc5 Bxh4 25. Nxd7 Kxd7 26. Bf3 f4 {
Temino Cerezo,M-Bou Part,J Lloret del Mar 1997 1-0 (37)}) 12... bxc6 13. Bc4
Rb8 14. Bb3 Be7 15. Qd3 Kf8 16. Rhf1 a5 17. Na4 Qc7 18. f5 e5 19. Rf3 Rh7 20.
Rh3 d5 21. Qf3 dxe4 22. Qxe4 Rb4 23. c4 c5 24. Nc3 Qb7 25. Qxb7 Bxb7 26. g4 Bc6
27. Rxh5 Rxh5 28. gxh5 a4 29. Rg1 axb3 30. h6 Bd7 31. axb3 Bxf5+ 32. Ka2 Rb8
33. h4 Ra8+ 34. Na4 Bd6 35. Rf1 Bd3 36. Rxf6 Ke7 37. Rf2 f5 38. Rg2 f4 39. h7
Kf7 0-1

[Event "Sampa Chess Open 2024"]
[Site "Sao Paulo"]
[Date "2024.01.30"]
[Round "3.14"]
[White "Damasio, Fabio Ferreira"]
[Black "Passos, Marco Aurelio Novae"]
[Result "0-1"]
[WhiteElo "1296"]
[BlackElo "1671"]
[PlyCount "48"]
[EventDate "2024.01.29"]
[EventRounds "9"]
[EventCountry "BRA"]

1. e4 e5 2. Nf3 Nc6 3. Bb5 f5 4. exf5 e4 5. Qe2 ({RR} 5. Ng1 Nf6 6. g4 Nd4 7.
Be2 h5 8. g5 Ng4 9. h3 Ne5 10. f6 d5 11. f4 exf3 12. Nxf3 Nexf3+ 13. Bxf3 Qd6
14. f7+ Kd8 15. Kf2 h4 16. Rg1 Bxh3 17. Ke3 Qe5+ {0-1 (17) Hofmann,J (2185)
-Pirrot,D (2435) Bad Woerishofen 2002}) ({RR} 5. Ng1 Nf6 6. d3 a6 7. Ba4 b5 8.
Bb3 Bb4+ 9. c3 Bc5 10. d4 Ba7 11. Bg5 d5 12. g4 h6 13. Bh4 Na5 14. Bxf6 gxf6
15. Ne2 Nxb3 16. axb3 c6 17. Nf4 Bb6 18. Ng6 Rh7 19. Nd2 Kf7 {Guillen,P-Allays,
C (1319) Europe-Echecs INT 2022 1-0 (42)}) 5... Qe7 6. Bxc6 dxc6 $146 ({RR} 
6... bxc6 7. Ng1 d5 8. Qh5+ Qf7 9. Qxf7+ Kxf7 10. f3 Bxf5 11. fxe4 Bxe4 12. Nf3
Bxf3 13. gxf3 Re8+ 14. Kd1 Bd6 15. d4 Ne7 16. Be3 Nf5 17. Bf2 Bf4 18. h3 Ne3+
19. Bxe3 Rxe3 20. Rf1 Rhe8 21. Nc3 {Zarecky,F-Pokorny,A Pilsen 1911 0-1}) ({RR
} 6... exf3 7. Bxf3 Qxe2+ 8. Bxe2 d5 9. Nc3 Nf6 10. g4 c6 11. d3 Bb4 12. Bd2
Bd7 13. a3 Ba5 14. O-O-O O-O-O 15. Rde1 Bb6 16. Rhf1 Bc7 17. h3 g6 18. fxg6
hxg6 19. Rh1 Bb6 20. f4 Rde8 21. g5 {Czaplewska,K (1586)-Filipek,J Ustron 2011
1-0 (54)}) ({RR} 6... exf3 7. Qxe7+ Bxe7 8. Bxf3 Nf6 9. h3 O-O 10. Nc3 d6 11.
g4 Re8 12. O-O c6 13. Re1 d5 14. d4 Bd7 15. Bf4 Bb4 16. Be5 Ne4 17. Bxe4 dxe4
18. Rxe4 c5 19. dxc5 Bxc5 20. Ree1 Bc6 21. Bg3 {Ganiev,R (1629)-Sultanov,I Ufa
2012 1-0 (39)}) 7. Ng1 Bxf5 8. Nc3 Nf6 9. h3 O-O-O 10. Nd1 Nd5 11. g3 Qc5 12.
c3 Kb8 13. Ne3 Bg6 14. h4 h5 15. Nh3 Bd6 16. O-O Nxe3 17. Qxe3 Qf5 18. Kg2 Be5
19. b3 Rd3 20. Qg5 Qf3+ 21. Kg1 Bf5 22. Kh2 Qe2 23. Ba3 Rxg3 24. Qxf5 Rg5+ 0-1

[Event "Sampa Chess Open 2024"]
[Site "Sao Paulo"]
[Date "2024.01.30"]
[Round "3.15"]
[White "Alves, Josue Flor De Souza"]
[Black "Leon Lopes, Sergio Amadeus"]
[Result "1/2-1/2"]
[WhiteElo "1551"]
[BlackElo "1858"]
[PlyCount "92"]
[EventDate "2024.01.29"]
[EventRounds "9"]
[EventCountry "BRA"]

1. d4 {Estremera,S/Mellado,J} Nf6 2. c4 e6 3. Nf3 b6 4. g3 Bb4+ 5. Bd2 Bxd2+ 6.
Nbxd2 d5 7. Bg2 O-O 8. O-O Bb7 9. cxd5 ({RR} 9. Ne5 Qe7 ({RR} 9... Nbd7 10. Nd3
c5) 10. Rc1 Rd8 11. Qa4 Na6 12. c5 bxc5 13. dxc5 c6 ({RR} 13... Nxc5 14. Qb4
Qd6 15. Rxc5) 14. Nb3 Qc7 15. f4 Nb8 16. Qa5 Rc8 17. Rfd1 Nbd7 18. Nxd7 Qxd7
19. e4 Qe7 20. e5 Nd7 21. Nd4 Kh8 22. Re1 g5 23. f5 g4 {Kasimdzhanov,R (2687)
-Anand,V (2817) Tashkent 2011 CBM 141 Extra [Estremera,S/Mellado,J] 0-1 (53)})
9... exd5 10. Ne5 ({RR} 10. Rc1 Nbd7 11. Nh4 Re8 12. e3 c5 13. Nf5 cxd4 14.
exd4 Nf8 15. Nf3 Ng6 16. Re1 Qd7 17. Ne3 Ne4 18. h4 Rac8 19. h5 Nf8 20. Ne5 Qb5
21. h6 g6 22. Rxc8 Rxc8 23. Nxd5 Bxd5 24. Bxe4 Bxe4 {Bayo Milagro,A (2233)
-Fabris,A (2230) chess.com INT 2021 1-0 (31)}) 10... Nfd7 $146 ({RR} 10... Nbd7
11. Nd3 c5 12. Nf4 c4 13. Nxc4 g5 14. Nh3 Ne4 15. Nd2 f5 16. Nxe4 dxe4 17. Qb3+
Kg7 18. Rac1 h6 19. e3 Nf6 20. Kh1 Nd5 21. Ng1 a5 22. a3 Qd7 23. Ne2 Ba6 24.
Rfe1 a4 25. Qc2 {Demianjuk,A (2324)-Tsilidis,A (2259) Vladivostok 2012 1-0 (63)
}) ({RR} 10... Na6 11. Rc1 c5 12. e3 Qe7 13. Qa4 Rfc8 14. a3 Rc7 15. Rc3 {
1/2-1/2 (15) Dizdarevic,E (2490)-Kurajica,B (2542) Solin/Split 2001}) ({RR} 
10... Nbd7 11. Ndc4 Nxe5 12. dxe5 Ne4 13. Qc2 Qe7 14. Rac1 Nc5 15. Na5 Qxe5 16.
Nxb7 Nxb7 17. Qxc7 Nd6 18. Qc6 Ne4 19. Qc2 Rad8 20. e3 Rfe8 21. Rfd1 h5 22. Rd4
Rc8 23. Qxc8 Rxc8 24. Rxc8+ Kh7 25. Bxe4+ {Jedlicka,A (2190)-Chalupecky,V
Klatovy 1995 1/2-1/2 (77)}) 11. Ndf3 Re8 12. Rc1 f6 13. Nd3 a5 14. e3 Na6 15.
Nh4 g6 16. Nf4 Nf8 17. Nf3 Qd6 18. h4 Ne6 19. Nxe6 Qxe6 20. Qb3 Rad8 21. Rfd1
Kg7 22. Ne1 Qd6 23. Nd3 Bc8 24. Nf4 Be6 25. Bf1 Nb8 26. Qc3 c6 27. a3 a4 28.
Qc2 b5 29. Bd3 f5 30. Nh3 Rc8 31. Ng5 Nd7 32. Qd2 Nb6 33. Qc2 Nc4 34. Nf3 Ra8
35. Kg2 Bd7 36. Rh1 h5 37. Ng5 Re7 38. Nf3 Rc8 39. Bxc4 dxc4 40. Ne5 Be6 41.
Rhd1 Kh7 42. Kh2 Bd5 43. Qd2 Qf6 44. f4 Qe6 45. Qb4 Be4 46. Qc5 Qd5 1/2-1/2

[Event "Sampa Chess Open 2024"]
[Site "Sao Paulo"]
[Date "2024.01.30"]
[Round "3.16"]
[White "Jorge, Denrick Cabral Jose"]
[Black "Blanco, Gustavo Jose Bachur"]
[Result "0-1"]
[WhiteElo "1874"]
[BlackElo "1491"]
[PlyCount "98"]
[EventDate "2024.01.29"]
[EventRounds "9"]
[EventCountry "BRA"]

1. e4 c5 2. Nc3 Nc6 3. g3 g6 4. d3 Bg7 5. Be3 d6 6. Qd2 Nf6 7. Bh6 O-O ({RR} 
7... Bxh6 8. Qxh6 Qb6 9. O-O-O Be6 10. Bh3 Nd4 11. Bxe6 fxe6 12. Qd2 Qa5 13.
Kb1 b5 14. Nce2 Qxd2 15. Rxd2 Nc6 16. f4 a5 17. Nf3 Kd7 18. e5 Nd5 19. c4 Nc7
20. exd6 exd6 21. cxb5 Nxb5 22. d4 {Vidovic,S (2312)-Dreev,A (2668) Sibenik
2009 0-1 (40)}) 8. h4 d5 $146 ({RR} 8... Nd4 9. Bxg7 Kxg7 10. Bg2 Rb8 11. Nf3
b5 12. a3 a5 13. Ne2 e5 14. Nfxd4 cxd4 15. O-O Ng4 16. c3 dxc3 17. Nxc3 f5 18.
f3 Nf6 19. Kh2 Nh5 20. exf5 gxf5 21. Qg5+ Qxg5 22. hxg5 f4 23. Ne2 {Tronenkovs,
V-Fernandez,D St Lorenzo 1995 0-1 (40)}) ({RR} 8... Ng4 9. Bxg7 Kxg7 10. Bg2 h5
11. Nge2 Qb6 12. Rb1 c4 13. O-O cxd3 14. cxd3 Be6 15. d4 Bd7 16. Nd5 Qa6 17.
Nc7 Qxa2 18. Nxa8 Rxa8 19. f3 Nf6 20. Qc3 Qa6 21. Nf4 Qb6 22. Kh2 Nxd4 23. Rfd1
{Novikova,M (2015)-Hosova,S (1578) chess.com INT 2021 1-0 (44)}) ({RR} 8... Nd4
9. Bxg7 Kxg7 10. Nd1 Bg4 11. Bg2 e5 12. c3 Nc6 13. Ne3 Be6 14. c4 Ng4 15. Nxg4
Bxg4 16. f3 Be6 17. h5 Qa5 18. Qxa5 Nxa5 19. O-O-O b5 20. b3 Nc6 21. Ne2 b4 22.
hxg6 hxg6 23. Bh3 {Ganizhev,M-Akunka,D (2010) Dagomys 2009 1/2-1/2 (43)}) ({RR
} 8... Bxh6 9. Qxh6 Nd4 10. O-O-O b5 11. Bg2 b4 12. Nd5 Ng4 13. Qd2 e6 14. Ne3
Nxe3 15. Qxe3 Qa5 16. Nf3 Nxf3 17. Qxf3 e5 18. h5 Qxa2 19. b3 Qa1+ 20. Kd2 Qc3+
21. Ke3 f5 22. hxg6 hxg6 23. Rh6 {Meglitsch,K (1964)-Boehmer,E (2171) Graz
2008 1/2-1/2 (31)}) 9. Bxg7 Kxg7 10. h5 Nxh5 11. Be2 d4 12. Nd5 e6 13. g4 exd5
14. gxh5 Qa5 15. Qxa5 Nxa5 16. exd5 b6 17. c4 dxc3 18. bxc3 Bf5 19. Kd2 Rad8
20. c4 Nb7 21. Bf3 Nd6 22. Ne2 f6 23. Nf4 Rfe8 24. Rae1 g5 25. h6+ Kf8 26. Nh5
Kf7 27. Ng7 Rxe1 28. Rxe1 Kg6 29. Nxf5 Kxf5 30. Bh5 g4 31. Re7 Kg5 32. Bf7 Nxf7
33. Rxf7 Kxh6 34. Rxf6+ Kg7 35. Re6 Rf8 36. Re7+ Kg6 37. Ke2 a6 38. Re6+ Rf6
39. Rxf6+ Kxf6 40. a4 h5 41. Kf1 h4 42. Kg2 Ke5 43. Kh2 b5 44. cxb5 axb5 45. a5
Kxd5 46. a6 Kc6 47. Kg2 b4 48. f4 gxf3+ 49. Kxf3 b3 0-1

[Event "Sampa Chess Open 2024"]
[Site "Sao Paulo"]
[Date "2024.01.30"]
[Round "3.18"]
[White "Hirota Da Silva, Nilton"]
[Black "Bianchini, Marlon"]
[Result "1-0"]
[WhiteElo "1827"]
[BlackElo "1255"]
[PlyCount "61"]
[EventDate "2024.01.29"]
[EventRounds "9"]
[EventCountry "BRA"]

1. e4 c5 2. b3 e6 3. Nf3 Nc6 4. Bb2 d5 5. exd5 exd5 6. Bb5 Nf6 7. O-O Be7 8.
Ne5 Qc7 9. Re1 Be6 ({RR} 9... O-O 10. Bxc6 bxc6 11. d3 Bd6 12. Nd2 Re8 13. Ndf3
h6 14. h3 Bf5 15. Qd2 Re6 16. Re2 Rae8 17. Rae1 Bh7 18. Kf1 R8e7 19. Ng4 Nxg4
20. hxg4 Qd7 21. Be5 {1/2-1/2 (21) Cicak,S (2530)-Van Wely,L (2685) Kuppenheim
2005}) 10. Nxc6 bxc6 11. Be5 Qc8 $146 ({RR} 11... Bd6 12. Bxd6 Qxd6 13. Bf1 h5
14. Qf3 Ke7 15. Qg3 Qxg3 16. hxg3 g5 17. Nc3 Kd6 18. Ne2 Ne4 19. Rad1 g4 20. d3
Ng5 21. Kh2 Rag8 22. Nf4 Bf5 23. Be2 a5 24. a4 Nh7 25. Rh1 Nf6 26. Rde1 {
Liiva,R (2425)-Pyhala,A (2330) Finland 1996 1/2-1/2 (48)}) 12. Bf1 O-O 13. h3
Re8 14. Nc3 Nd7 15. Bg3 Bf6 16. Rb1 Bf5 17. Rxe8+ Qxe8 18. Ba6 Ne5 19. Na4 Qe7
20. Rc1 Bc8 21. Bf1 d4 22. f4 Nd7 23. Qf3 Bb7 24. Re1 Qd6 25. Bd3 Rd8 26. Nb2
Nb6 27. Nc4 Nxc4 28. Bxc4 Bc8 29. d3 Qd7 30. Qh5 Re8 31. Bxf7+ 1-0

[Event "Sampa Chess Open 2024"]
[Site "Sao Paulo"]
[Date "2024.01.30"]
[Round "3.19"]
[White "Van Riemsdijk, Dirk D."]
[Black "Leal, Alexandre Garcia"]
[Result "1-0"]
[WhiteElo "1789"]
[BlackElo "1899"]
[PlyCount "91"]
[EventDate "2024.01.29"]
[EventRounds "9"]
[EventCountry "BRA"]

1. e4 c5 2. Nf3 Nc6 3. d4 cxd4 4. Nxd4 g6 5. c4 Bg7 6. Be3 Nf6 7. Nc3 d6 8. f3
Bd7 9. Qd2 ({RR} 9. Nxc6 bxc6 10. Qd2 h5 11. h4 Qa5 12. a3 Rb8 13. Be2 Ng4 14.
fxg4 Rxb2 15. Qxb2 Bxc3+ 16. Bd2 Bxb2 17. Bxa5 Bxa1 18. gxh5 gxh5 19. Kd2 Bf6
20. Rb1 Bc8 21. g3 Be5 22. Bc3 Bxc3+ 23. Kxc3 Kd8 {Wang,A (1788)-Lee,E (1974)
Christchurch NZL 2022 1-0 (45)}) 9... a6 ({RR} 9... Nxd4 10. Bxd4 Bc6 11. O-O-O
Qa5 12. Kb1 O-O 13. h4 e5 14. Be3 Nh5 15. g4 Nf4 16. h5 h6 17. g5 gxh5 18. gxh6
Bxh6 19. Rxh5 Nxh5 20. Bxh6 f6 21. Bxf8 Rxf8 22. Qxd6 {1-0 (22) Krasenkow,M 
(2676)-Schulze,U (2333) Germany 2004}) 10. Rc1 O-O 11. Be2 Ne8 $146 ({RR} 11...
Nxd4 12. Bxd4 b5 13. O-O Qa5 14. b3 bxc4 15. Bxc4 Bb5 16. Nb1 Qxd2 17. Nxd2 Bh6
18. Rfd1 Nd7 19. Kf2 {1/2-1/2 (19) Marovic,D-Uhlmann,W Cienfuegos 1973}) 12.
O-O f5 13. exf5 gxf5 14. Nd5 Nxd4 15. Bxd4 Bxd4+ 16. Qxd4 e6 17. Nb6 Rb8 18.
Rfd1 Rf7 19. f4 Bc6 20. c5 Rg7 21. Bf1 d5 22. Re1 Nc7 23. b4 Qe8 24. Re5 Qg6
25. a4 h5 26. Rc3 h4 27. Ree3 Re8 28. Re5 Kh7 29. Rh3 Qg4 30. g3 Rh8 31. Re3
Kg8 32. Qf6 Qd1 33. Rxh4 Rxh4 34. Qxh4 Qd4 35. Qd8+ Kh7 36. Kf2 Qxb4 37. Qh4+
Kg8 38. g4 Qxc5 39. Qd8+ Kh7 40. Nc8 d4 41. Rh3+ Kg6 42. gxf5+ Qxf5 43. Bd3 Be4
44. Rg3+ Kh7 45. Qh4+ Qh5 46. Qxh5+ 1-0

[Event "Sampa Chess Open 2024"]
[Site "Sao Paulo"]
[Date "2024.01.30"]
[Round "3.20"]
[White "Oliveira, Silvio Eduardo"]
[Black "Pironti, Francisco Ferrari"]
[Result "1/2-1/2"]
[WhiteElo "2297"]
[BlackElo "1953"]
[PlyCount "27"]
[EventDate "2024.01.29"]
[EventRounds "9"]
[EventCountry "BRA"]

1. e4 c5 2. Nf3 d6 3. d4 cxd4 4. Nxd4 Nf6 5. Nc3 a6 6. Be3 e5 7. Nf3 Be7 8. h3
Qc7 ({RR} 8... O-O 9. g4 Be6 10. g5 Nh5 11. Qd2 Nd7 12. O-O-O Rc8 13. Kb1 Nb6
14. h4 Qc7 15. Bh3 Nc4 16. Qd3 Qd7 17. Ng1 Bd8 18. Bc1 Ba5 19. Nd5 Nb6 20. Qe2
g6 21. Nf6+ Nxf6 22. gxf6 Na4 23. Rd3 {Ganguly,S (2636)-Warmerdam,M (2498)
Wijk aan Zee NED 2020 1-0 (41)}) ({RR} 8... Be6 9. g4 O-O 10. g5 Nh5 11. h4 Nd7
12. Bh3 Rc8 13. Nd5 Re8 14. c3 Nc5 15. Ng1 g6 16. Qc2 Qa5 17. a4 Qd8 18. b4 Nd7
19. Qd3 Nf4 20. Bxf4 Bxd5 21. Qxd5 exf4 22. Qxb7 Rc7 23. Qxa6 {Hilby,C (2434)
-Zhou Jianchao (2605) Charlotte USA 2022 0-1 (46)}) 9. g4 h6 10. g5 $146 ({RR} 
10. a4 Be6 11. a5 Nbd7 12. Nd5 Qc6 13. Nb4 Qxe4 14. c3 Nd5 15. Bd3 Nxe3 16.
Bxe4 Nxd1 17. Bxb7 Ra7 18. Bxa6 Nxb2 19. Nd2 Nc5 20. Bb5+ Bd7 21. Nc6 Bxc6 22.
Bxc6+ Kd8 23. Ke2 Nbd3 24. Bb5 Nf4+ {Jakic,V (2109)-Krivokapic,M (2352) Herceg
Novi 2007 0-1 (37)}) ({RR} 10. Qd2 b5 11. O-O-O Bb7 12. Nd5 Nxd5 13. exd5 Nd7
14. Bg2 Rc8 15. Kb1 Nb6 16. Nxe5 Bf6 17. Bxb6 Qxb6 18. Nc6 O-O 19. h4 Bxc6 20.
dxc6 Be7 21. g5 h5 22. Qe2 Rfe8 23. Qxh5 g6 24. Qf3 Qc5 {Kohlmann,A (2005)
-Schreiner,T (1598) Verden 2006 1-0}) 10... hxg5 11. Nxg5 b6 12. a4 b5 13. Nd5
Nxd5 14. Qxd5 1/2-1/2

[Event "Sampa Chess Open 2024"]
[Site "Sao Paulo"]
[Date "2024.01.30"]
[Round "3.21"]
[White "Carvalho Jr, Celestino"]
[Black "Marra, Eduardo Da Costa"]
[Result "0-1"]
[WhiteElo "1939"]
[BlackElo "2189"]
[PlyCount "130"]
[EventDate "2024.01.29"]
[EventRounds "9"]
[EventCountry "BRA"]

1. d4 Nf6 2. c4 g6 3. Nc3 Bg7 4. Nf3 O-O 5. e3 d6 6. Bd3 Nbd7 7. O-O e5 8. h3 (
{RR} 8. b3 Re8 9. Bc2 c6 10. Bb2 exd4 11. Nxd4 Nc5 12. Qd2 d5 13. cxd5 Nxd5 14.
Nxd5 Qxd5 15. b4 Ne6 16. Bb3 Qd6 {1/2-1/2 (16) Barlov,D (2495)-Smejkal,J (2550)
New York 1986}) 8... Qe7 ({RR} 8... Re8 9. Ng5 Nh5 10. Nf3 f5 11. dxe5 Nxe5 12.
Nxe5 dxe5 13. Be2 Nf6 14. Qxd8 Rxd8 15. b3 c6 16. Ba3 Be6 17. Rad1 e4 18. Na4
b6 19. Be7 Rxd1 20. Rxd1 Kf7 21. Ba3 Nd7 22. Bb2 Bxb2 23. Nxb2 {Costa,P (1781)
-Alboredo,J (2115) Goiania 2016 0-1 (45)}) 9. Bc2 $146 ({RR} 9. Qc2 Re8 10. Ng5
c6 11. b3 d5 12. cxd5 Nxd5 13. e4 Nb4 14. Qe2 exd4 15. Nb1 Ne5 16. Bc4 d3 17.
Qd2 Nxc4 18. bxc4 Bxa1 19. Ba3 a5 20. Re1 Bg7 21. Qf4 Qf6 22. Qg3 Nc2 23. Rd1
Nxa3 {Edward Dappa,R-Lagno,K (2468) Turin 2006 0-1}) 9... b6 10. b3 Bb7 11. d5
c6 12. dxc6 Bxc6 13. e4 Nc5 14. Re1 Qb7 15. Qe2 Nh5 16. b4 Ne6 17. b5 Bd7 18.
Ba3 Nhf4 19. Qd1 Rfc8 20. Bb3 Nc5 21. Kh2 Be6 22. Ng5 Qe7 23. Nxe6 fxe6 24. g3
Nfd3 25. Rf1 Rf8 26. Qe2 Nf4 27. gxf4 exf4 28. Qf3 Nd7 29. e5 Nxe5 30. Qe4 Ng4+
31. Kg1 Bxc3 32. Rac1 Nf6 33. Qxf4 Nh5 34. Qe3 Bf6 35. Rcd1 Rad8 36. f4 Ng7 37.
Rfe1 Rfe8 38. Qe4 Nf5 39. Bb4 Qg7 40. Rd3 Bd4+ 41. Kh2 Qf6 42. Re2 Bc5 43. Bc3
Qh4 44. Qf3 Rd7 45. Bc2 Rf7 46. Qg4 Qd8 47. Rf3 Bd4 48. Bb4 Qc7 49. Bb3 Bc5 50.
Bc3 e5 51. Bc2 Ref8 52. fxe5 dxe5 53. Be4 Nd4 54. Rxf7 Rxf7 55. Bxd4 exd4+ 56.
Kg2 Kg7 57. Bd5 Re7 58. Qf3 Rxe2+ 59. Qxe2 Qf4 60. Qf3 Qg5+ 61. Kh1 d3 62. Qg4
Qc1+ 63. Kg2 Qg1+ 64. Kf3 Qf2+ 65. Ke4 Qe3# 0-1

[Event "Sampa Chess Open 2024"]
[Site "Sao Paulo"]
[Date "2024.01.30"]
[Round "3.22"]
[White "Batista, Renato Luiz"]
[Black "Ikejiri, Daniel Yoshito"]
[Result "1-0"]
[WhiteElo "2174"]
[BlackElo "1916"]
[PlyCount "91"]
[EventDate "2024.01.29"]
[EventRounds "9"]
[EventCountry "BRA"]

1. e4 c5 2. Nf3 Nc6 3. Bb5 g6 4. O-O Bg7 5. Re1 e5 6. a4 Nge7 7. d3 ({RR} 7.
Nc3 O-O 8. d3 d6 9. h3 h6 10. Bc4 Kh8 11. Nd5 Nxd5 12. Bxd5 Ne7 13. Bb3 f5 14.
exf5 gxf5 15. Nh4 f4 16. Qh5 Bd7 17. Bf7 Be8 18. Bxe8 Qxe8 19. Qxe8 Raxe8 20.
Bd2 Bf6 21. Nf3 Rg8 {Jakubowski,T (2235)-Krasenkow,M (2605) Augustow 1996 1-0 
(43)}) ({RR} 7. Nc3 O-O 8. d3 d6 9. h3 h6 10. Bc4 Kh7 11. Nd5 Nxd5 12. Bxd5 Ne7
13. Ba2 f5 14. Bd2 a5 15. c3 Bd7 16. Bc4 Qc7 17. Bb5 Nc6 18. Rc1 Qd8 19. Qe2 f4
20. Rb1 g5 21. Nh2 Be6 {Balabayeva,X (2308)-Nur-Mukhametova,A (2225)
Chelyabinsk RUS 2021 1-0 (64)}) 7... O-O 8. Be3 $146 ({RR} 8. Nbd2 d6 9. c3 h6
10. Nf1 Be6 11. Ne3 Kh7 12. h4 f5 13. h5 gxh5 14. exf5 Nxf5 15. Nxf5 Bxf5 16.
Nh2 Bg6 17. Be3 Ne7 18. d4 cxd4 19. cxd4 Nf5 20. dxe5 Bxe5 21. Nf3 Bxb2 22. Rb1
Bg7 {Short,N (2430)-Seret,J (2400) Marbella 1982 1-0 (34)}) ({RR} 8. Nc3 h6 9.
Bc4 d6 10. Bd2 Kh7 11. Nd5 Nxd5 12. Bxd5 Be6 13. Bxe6 fxe6 14. c3 Qe8 15. Rf1
g5 16. Ne1 Qg6 17. Nc2 g4 18. Be3 b6 19. Na3 Rad8 20. Qe2 d5 21. Bc1 h5 22. b3
h4 {Anderson,R (2275)-Fishbein,A (2510) New York 1993 0-1 (37)}) 8... d6 9. Nc3
Nd4 10. h3 Nxb5 11. axb5 Bd7 12. Qb1 Qe8 13. b4 b6 14. bxc5 dxc5 15. Nd2 Be6
16. Ra4 Qd7 17. Kh2 Nc8 18. f3 Nd6 19. Nc4 f5 20. Rd1 f4 21. Bf2 g5 22. Qa1 Nc8
23. Ne2 Qxb5 24. Rb1 Qe8 25. Ra6 Bxc4 26. dxc4 Qe6 27. Bxc5 Re8 28. Qa2 Kh8 29.
Nc3 Qc6 30. Bb4 Bf8 31. Bxf8 Rxf8 32. Nd5 Nd6 33. c5 Qxc5 34. Nxb6 Rad8 35. Nd5
Qf2 36. c3 Qg3+ 37. Kg1 Nc8 38. Qf2 Qxf2+ 39. Kxf2 Rf7 40. Rb8 Rfd7 41. Nf6
Rd2+ 42. Kg1 Rd1+ 43. Kh2 Kg7 44. Rb7+ Kf8 45. Nxh7+ Kg8 46. Rg6+ 1-0

[Event "Sampa Chess Open 2024"]
[Site "Sao Paulo"]
[Date "2024.01.30"]
[Round "3.23"]
[White "Cristino, Felipe Borges"]
[Black "Fernandes De Sousa, Julio Cesar"]
[Result "0-1"]
[WhiteElo "1890"]
[BlackElo "2162"]
[PlyCount "112"]
[EventDate "2024.01.29"]
[EventRounds "9"]
[EventCountry "BRA"]

1. d4 Nf6 2. c4 e6 3. Nc3 d5 4. cxd5 exd5 5. Bg5 Nbd7 6. e3 c6 7. Bd3 Be7 8.
Nge2 Nf8 9. Qc2 g6 10. f3 Ne6 11. Bh4 O-O 12. Bf2 ({RR} 12. Rd1 b6 13. Bf2 Bb7
14. h4 c5 15. dxc5 Bxc5 16. Kf1 Rc8 17. Qa4 a6 18. b4 b5 19. Qb3 Bd6 20. h5 Be5
21. hxg6 hxg6 22. Nd4 Bxd4 23. exd4 Kg7 24. Ne2 Rh8 25. Rxh8 Qxh8 26. Bg3 Nh5 {
Azmaiparashvili,Z (2625)-Beliavsky,A (2640) Groningen 1994 1-0 (47)}) ({RR} 12.
O-O-O b6 13. Kb1 c5 14. dxc5 bxc5 15. Bc4 d4 16. exd4 Nxd4 17. Nxd4 cxd4 18.
Ne2 Bf5 19. Bd3 Rc8 20. Qa4 Bxd3+ 21. Rxd3 Nd7 22. Rxd4 Bxh4 23. Rxd7 Qg5 24.
Qg4 Qe3 25. Nc1 Qc5 26. Rd2 Bg5 {Mirzoev,E (2437)-Choukri,A (2318) Guimaraes
POR 2021 1-0 (100)}) 12... b6 13. O-O c5 14. Qd2 $146 ({RR} 14. dxc5 bxc5 15.
Rfd1 Bd7 16. b3 Qa5 17. e4 dxe4 18. Nxe4 Nxe4 19. Bxe4 Rad8 20. Qc3 Qa6 21. Bd3
Bb5 22. Bxb5 Qxb5 23. Ng3 Rxd1+ 24. Rxd1 Rd8 25. Rxd8+ Bxd8 26. Ne4 Be7 27. Qd2
a6 28. Be3 Qb4 {Duong,T (2334)-Torre,E (2481) Ho Chi Minh City 2017 1/2-1/2 
(51)}) 14... a6 15. Bc2 Bb7 16. Kh1 Re8 17. h3 Bf8 18. Rfd1 Bh6 19. Qe1 Qe7 20.
Qg1 Rad8 21. Re1 Nf8 22. Nf4 N8d7 23. g4 cxd4 24. exd4 Qd6 25. Nd3 Bg7 26. Bg3
Qc6 27. Ne5 Nxe5 28. Bxe5 b5 29. a3 h5 30. Bd3 Re6 31. Re2 hxg4 32. hxg4 Nd7
33. Bxg7 Kxg7 34. Rae1 Rh8+ 35. Rh2 Rxh2+ 36. Kxh2 b4 37. Rxe6 Qxe6 38. axb4
Qd6+ 39. Qg3 Qxb4 40. Qc7 Qxb2+ 41. Kg3 Nf8 42. Qe5+ Kh7 43. Nxd5 Bxd5 44. Qxd5
Ne6 45. Bxa6 Qa1 46. f4 Qxa6 47. f5 Qd3+ 48. Kh2 gxf5 49. gxf5 Qxd4 50. Qb5
Qf2+ 51. Kh3 Qf3+ 52. Kh4 Qf4+ 53. Kh3 Ng5+ 54. Kg2 Qf3+ 55. Kh2 Qf2+ 56. Kh1
Nf3 0-1

[Event "Sampa Chess Open 2024"]
[Site "Sao Paulo"]
[Date "2024.01.30"]
[Round "3.24"]
[White "Awoki, Daniel Teidi"]
[Black "Santos, Abel Cardoso Dos"]
[Result "1-0"]
[WhiteElo "2152"]
[BlackElo "1854"]
[PlyCount "99"]
[EventDate "2024.01.29"]
[EventRounds "9"]
[EventCountry "BRA"]

1. c4 Nf6 2. g3 g6 3. Bg2 Bg7 4. Nc3 c6 5. Nf3 d6 6. O-O e5 7. d3 O-O 8. Rb1 a5
9. a3 Qe7 ({RR} 9... Be6 10. b4 axb4 11. axb4 Nbd7 {1/2-1/2 (11) Gonda,L (2495)
-Vajda,L (2534) Bern 2006}) 10. b4 axb4 11. axb4 h6 $146 ({RR} 11... e4 12. Ng5
exd3 13. exd3 h6 14. Re1 Qc7 15. Nge4 Nxe4 16. Nxe4 Bf5 17. c5 dxc5 18. bxc5
Na6 19. Be3 Bxe4 20. dxe4 Rad8 21. Qb3 Rd7 22. f4 Rfd8 23. Red1 Rxd1+ 24. Rxd1
Rxd1+ 25. Qxd1 Qa5 26. Qc1 {Benevides Demasi,J-Sinitsina,A (2057) chess.com
INT 2021 0-1 (33)}) 12. b5 d5 13. e4 d4 14. Na4 Nbd7 15. Qb3 c5 16. b6 Ne8 17.
Ba3 Ra5 18. Bh3 Qd6 19. Kg2 f5 20. Nh4 Qc6 21. Nb2 fxe4 22. dxe4 Qxe4+ 23. Kg1
Qc6 24. Bg2 e4 25. Rfe1 Qf6 26. Bxe4 Qxf2+ 27. Kh1 Ne5 28. Nd3 Nxd3 29. Qxd3
Nf6 30. Nxg6 Nxe4 31. Qxe4 Qf3+ 32. Qxf3 Rxf3 33. Ne7+ Kh7 34. Nxc8 Raxa3 35.
Kg2 Rfc3 36. Nd6 Rc2+ 37. Kh3 Kg6 38. Nxb7 Raa2 39. Rh1 Be5 40. Nxc5 Rxc4 41.
Nd7 Bd6 42. b7 Ra5 43. Rb6 Rh5+ 44. Kg2 Rc2+ 45. Kf3 Rf5+ 46. Ke4 Re2+ 47. Kxd4
Rd2+ 48. Kc3 Rff2 49. Rc1 Kf5 50. Rxd6 1-0

[Event "Sampa Chess Open 2024"]
[Site "Sao Paulo"]
[Date "2024.01.30"]
[Round "3.25"]
[White "Correa, Joao Pedro Vieira"]
[Black "Saito, Vinicius"]
[Result "1-0"]
[WhiteElo "1864"]
[BlackElo "2147"]
[PlyCount "83"]
[EventDate "2024.01.29"]
[EventRounds "9"]
[EventCountry "BRA"]

1. e4 c5 2. Nf3 Nc6 3. Bb5 g6 4. Bxc6 dxc6 5. d3 Bg7 6. h3 e5 7. Be3 Qe7 8. Nc3
Nf6 9. Qd2 O-O 10. Bh6 Nh5 11. Bxg7 Nxg7 12. Ne2 f6 13. O-O Ne6 14. Nh2 $146 ({
RR} 14. c3 b6 15. Qe3 Ba6 16. a4 Rad8 17. Rfd1 Rd7 18. a5 b5 19. d4 Rfd8 20.
Rd2 exd4 21. cxd4 b4 22. Rc1 Bb5 23. d5 cxd5 24. exd5 Rxd5 25. Rxd5 Rxd5 26.
Nf4 Rd6 27. Nxe6 Rxe6 28. Qxc5 Qxc5 {Makarichev,S (2545)-Frois,A (2380) Oviedo
1993 1/2-1/2 (33)}) 14... Qd6 15. Qe3 b6 16. f4 exf4 17. Nxf4 Qd4 18. Qxd4 cxd4
19. Nxe6 Bxe6 20. Nf3 Rad8 21. Nh4 Kg7 22. Rf2 Rf7 23. Raf1 c5 24. Kh2 b5 25.
b3 a5 26. g4 h6 27. Ng2 Rd6 28. Nf4 Re7 29. Kg3 Bf7 30. h4 Re5 31. Nh3 Bg8 32.
g5 hxg5 33. hxg5 fxg5 34. Rf8 c4 35. Ra8 Be6 36. Rxa5 cxd3 37. cxd3 Rc5 38. b4
Rc3 39. Nxg5 Rxd3+ 40. Kh4 Kh6 41. Ra7 Rd2 42. Rh7# 1-0